[Event "BI-2011-P-00015"]
[Site "LSS email"]
[Date "2011.04.17"]
[Round "?"]
[White "Agasse Lafont, Patrick"]
[Black "Davidson, Eric"]
[Result "1-0"]
[WhiteElo "1786"]
[BlackElo "1023"]
[PlyCount "79"]
[EventDate "2011.04.20"]
[EventType "tourn (corr)"]
[EventRounds "10"]
[EventCountry "GER"]
[SourceTitle "Telechess CBM 157"]
[Source "ChessBase"]
[SourceDate "2013.11.12"]
[SourceVersion "1"]
[SourceVersionDate "2013.11.12"]
[SourceQuality "1"]
[WhiteTeam "IECC 3"]

1. e4 c5 2. Nc3 e6 3. f4 a6 4. Nf3 Nc6 5. d4 cxd4 6. Nxd4 d6 7. Be3 Qc7 8. Qf3 Nf6 9. g4 Be7 10. a3 b5 11. g5 Nd7 12. h4 Bb7 13. h5 b4 14. axb4 Nxb4 15. Bd3 Nc5 16. Rd1 0-0-0 17. Qe2 f5 18. Bc4 Nxe4 19. Bxe6+ Kb8 20. Nxe4 Bxe4 21. Rh2 Nd5 22. Bxd5 Bxd5 23. Qxa6 Qb7 24. Qxb7+ Bxb7 25. Nxf5 Bf8 26. Rhd2 d5 27. Bd4 g6 28. hxg6 hxg6 29. Bxh8 gxf5 30. c4 Bb4 31. Bc3 Bc5 32. cxd5 Re8+ 33. Be5+ Bd6 34. Re2 Bxe5 35. Rxe5 Rh8 36. d6 Rh1+ 37. Kd2 Rh2+ 38. Kc3 Rf2 39. d7 Rf3+ 40. Rd3 1-0

[Event "BI-2011-P-00015"]
[Site "LSS email"]
[Date "2011.04.17"]
[Round "?"]
[White "Davidson, Eric"]
[Black "Rossetti, Mario"]
[Result "0-1"]
[WhiteElo "1023"]
[BlackElo "1655"]
[PlyCount "42"]
[EventDate "2011.04.20"]
[EventType "tourn (corr)"]
[EventRounds "10"]
[EventCountry "GER"]
[SourceTitle "Telechess CBM 157"]
[Source "ChessBase"]
[SourceDate "2013.11.12"]
[SourceVersion "1"]
[SourceVersionDate "2013.11.12"]
[SourceQuality "1"]

1. d4 Nf6 2. Nc3 e6 3. e4 d5 4. exd5 exd5 5. Bb5+ c6 6. Be2 Bd6 7. Nf3 0-0 8. Bg5 Bg4 9. Qd2 Nbd7 10. 0-0-0 Qa5 11. Ne5 Bxe2 12. Nxe2 Qxa2 13. Qf4 Ne4 14. Nc3 Qa1+ 15. Nb1 f6 16. Qf5 Nxe5 17. dxe5 Bxe5 18. c3 Bxc3 19. bxc3 fxg5 20. Qe6+ Kh8 21. h4 Rxf2 0-1

[Event "BI-2011-P-00015"]
[Site "LSS email"]
[Date "2011.04.17"]
[Round "?"]
[White "Lombardi, Donato"]
[Black "Davidson, Eric"]
[Result "0-1"]
[WhiteElo "851"]
[BlackElo "1023"]
[PlyCount "100"]
[EventDate "2011.04.20"]
[EventType "tourn (corr)"]
[EventRounds "10"]
[EventCountry "GER"]
[SourceTitle "Telechess CBM 157"]
[Source "ChessBase"]
[SourceDate "2013.11.12"]
[SourceVersion "1"]
[SourceVersionDate "2013.11.12"]
[SourceQuality "1"]

1. e4 c5 2. d4 cxd4 3. Qxd4 Nc6 4. Qe3 e5 5. Nf3 Nf6 6. Nc3 Bb4 7. Bd2 0-0 8. Bd3 d5 9. exd5 Bxc3 10. Bxc3 Nxd5 11. Qd2 Nxc3 12. Qxc3 Re8 13. 0-0-0 Qf6 14. Rhe1 Bg4 15. h3 Be6 16. Nxe5 Nxe5 17. Kb1 Nxd3 18. Qxf6 gxf6 19. cxd3 Rad8 20. a3 Rd6 21. f4 Red8 22. Re3 Bf5 23. g4 Bxd3+ 24. Ka1 Kg7 25. b4 b5 26. Kb2 Bc4 27. Rxd6 Rxd6 28. Kc3 Rd1 29. h4 Ra1 30. g5 Rxa3+ 31. Kd4 Rxe3 32. Kxe3 Kg6 33. Ke4 Be6 34. Kd4 Kf5 35. Ke3 fxg5 36. hxg5 f6 37. gxf6 h5 38. Kf3 h4 39. Ke3 h3 40. Kf3 Kxf6 41. Kg3 Kf5 42. Kxh3 Kxf4+ 43. Kg2 Ke3 44. Kg3 a6 45. Kg2 Bc4 46. Kg1 Kd2 47. Kf2 Kc3 48. Ke3 Kxb4 49. Kd2 Kb3 50. Kc1 Ka2 0-1

[Event "SN-2011-0-00332"]
[Site "LSS email"]
[Date "2011.04.12"]
[Round "?"]
[White "Davidson, Eric"]
[Black "Lombardi, Donato"]
[Result "1-0"]
[WhiteElo "957"]
[BlackElo "744"]
[PlyCount "91"]
[EventDate "2011.04.01"]
[EventType "tourn (corr)"]
[EventRounds "6"]
[EventCountry "GER"]
[SourceTitle "Telechess CBM 147"]
[Source "ChessBase"]
[SourceDate "2012.03.16"]
[SourceVersion "1"]
[SourceVersionDate "2012.03.16"]
[SourceQuality "1"]

1. e4 e6 2. d4 d5 3. Nd2 Nf6 4. e5 Nfd7 5. Ngf3 c5 6. dxc5 Bxc5 7. Nb3 Nc6 8. Nxc5 Nxc5 9. Be3 Qe7 10. Bb5 0-0 11. Bxc6 bxc6 12. Nd4 Bb7 13. 0-0 Nd7 14. Nf3 c5 15. Bg5 f6 16. exf6 Nxf6 17. Re1 d4 18. Ne5 Qd6 19. c3 Qd5 20. Nf3 h6 21. Bf4 g5 22. Re5 Qd7 23. Nxg5 hxg5 24. Rxg5+ Kf7 25. Be5 Qc6 26. Qd3 Rg8 27. Rxg8 Rxg8 28. f3 Nd5 29. Qh7+ Kf8 30. Qh6+ Ke8 31. Re1 Ne3 32. Bg3 Nf5 33. Qh5+ Kd7 34. Qf7+ Ne7 35. Bh4 Re8 36. cxd4 cxd4 37. Qg7 d3 38. Rd1 Qc2 39. Qd4+ Nd5 40. Qxd3 Qxd3 41. Rxd3 Kc6 42. a3 a5 43. Kf2 Rf8 44. Bg3 Ba6 45. Rd2 Rb8 46. Bxb8 1-0

[Event "SN-2011-0-00332"]
[Site "LSS email"]
[Date "2011.04.11"]
[Round "?"]
[White "Davidson, Eric"]
[Black "Parente, Antonio Manuel Peix"]
[Result "1-0"]
[WhiteElo "957"]
[BlackElo "537"]
[PlyCount "33"]
[EventDate "2011.04.01"]
[EventType "tourn (corr)"]
[EventRounds "6"]
[EventCountry "GER"]
[SourceTitle "Corr 2015"]
[Source "ChessBase"]
[SourceDate "2015.07.17"]
[SourceVersion "1"]
[SourceVersionDate "2015.07.17"]
[SourceQuality "1"]

1. e4 d6 2. Nf3 Nf6 3. Nc3 g6 4. d4 Bg7 5. Bd3 c5 6. Be3 0-0 7. d5 a6 8. Qd2 Nbd7 9. 0-0-0 b5 10. e5 dxe5 11. Bf1 Bb7 12. d6 Ne8 13. dxe7 Qxe7 14. Qxd7 Qxd7 15. Rxd7 Bxf3 16. gxf3 b4 17. Ne4 1-0

[Event "SN-2011-0-00332"]
[Site "LSS email"]
[Date "2011.04.11"]
[Round "?"]
[White "Venturas, Bob"]
[Black "Davidson, Eric"]
[Result "0-1"]
[WhiteElo "547"]
[BlackElo "957"]
[PlyCount "72"]
[EventDate "2011.04.01"]
[EventType "tourn (corr)"]
[EventRounds "6"]
[EventCountry "GER"]
[SourceTitle "Telechess CBM 151"]
[Source "ChessBase"]
[SourceDate "2012.11.13"]
[SourceVersion "1"]
[SourceVersionDate "2012.11.13"]
[SourceQuality "1"]

1. e4 c5 2. Nf3 d6 3. h3 a6 4. a3 Nf6 5. Nc3 e6 6. Be2 Be7 7. d4 cxd4 8. Nxd4 Qc7 9. Bd2 Nbd7 10. 0-0 b5 11. b4 Bb7 12. f3 Rc8 13. Bd3 Ne5 14. f4 Nxd3 15. cxd3 Qb6 16. Be3 Rxc3 17. Qd2 Nxe4 18. Qd1 Ng3 19. Qg4 Nxf1 20. Kxf1 Rxd3 21. Bf2 Rd2 22. Qxg7 Rxf2+ 23. Kxf2 Rf8 24. Rc1 e5 25. fxe5 Qxd4+ 26. Ke1 Qxe5+ 27. Qxe5 dxe5 28. Rc7 Bxg2 29. Ra7 Bh4+ 30. Ke2 e4 31. Rxa6 Bf3+ 32. Ke3 f5 33. Ra8+ Ke7 34. Ra7+ Kd6 35. Rxh7 f4+ 36. Kd2 e3+ 0-1

[Event "LSS No Engine Cup 39 Preliminary 5"]
[Site "LSS email"]
[Date "2011.03.15"]
[Round "?"]
[White "Davidson, Eric"]
[Black "Anderson, Lawrence D"]
[Result "1-0"]
[WhiteElo "949"]
[BlackElo "1312"]
[PlyCount "69"]
[EventDate "2011.03.16"]
[EventType "tourn (corr)"]
[EventRounds "6"]
[EventCountry "GER"]
[SourceTitle "Telechess CBM 145"]
[Source "Chessbase"]
[SourceDate "2011.11.11"]
[SourceVersion "1"]
[SourceVersionDate "2011.11.11"]
[SourceQuality "1"]

1. e4 c5 2. Nf3 d6 3. d4 cxd4 4. Nxd4 Nf6 5. Nc3 g6 6. Bg5 Bg7 7. Qd2 Nc6 8. Bb5 Bd7 9. Nxc6 bxc6 10. Bd3 0-0 11. 0-0-0 e5 12. h4 h5 13. Bc4 Be6 14. Bxe6 fxe6 15. Qxd6 Qxd6 16. Rxd6 Rac8 17. Rhd1 Rfe8 18. f3 Nh7 19. Be3 Nf6 20. Bg5 Nh7 21. Be3 a6 22. Na4 c5 23. Rxa6 c4 24. Rd7 Nf6 25. Rb7 Ra8 26. Rxa8 Rxa8 27. Nc5 Ne8 28. Nxe6 Rc8 29. Nxg7 Nxg7 30. Bg5 Kh7 31. Bf6 Rg8 32. Bxe5 Kh6 33. Bxg7+ Rxg7 34. Rxg7 Kxg7 35. Kd2 1-0

[Event "LSS No Engine Cup 39 Preliminary 5"]
[Site "LSS email"]
[Date "2011.03.15"]
[Round "?"]
[White "Herzog, Klaus"]
[Black "Davidson, Eric"]
[Result "1-0"]
[WhiteElo "1802"]
[BlackElo "949"]
[PlyCount "45"]
[EventDate "2011.03.16"]
[EventType "tourn (corr)"]
[EventRounds "6"]
[EventCountry "GER"]
[SourceTitle "Telechess CBM 145"]
[Source "Chessbase"]
[SourceDate "2011.11.11"]
[SourceVersion "1"]
[SourceVersionDate "2011.11.11"]
[SourceQuality "1"]

1. e4 c5 2. Nf3 d6 3. d4 cxd4 4. Nxd4 Nf6 5. Nc3 a6 6. Bg5 e6 7. f4 Be7 8. Qf3 Qc7 9. 0-0-0 Nbd7 10. Be2 b5 11. Bxf6 Nxf6 12. e5 Bb7 13. Qg3 dxe5 14. fxe5 Nd5 15. Nxe6 fxe6 16. Bg4 Nxc3 17. Bh5+ Kf8 18. Rhf1+ Bf6 19. bxc3 Rd8 20. exf6 Rxd1+ 21. Rxd1 e5 22. Qxg7+ Qxg7 23. Rd8# 1-0

[Event "SN-2011-0-00318"]
[Site "LSS email"]
[Date "2011.03.05"]
[Round "?"]
[White "Bester, Kazimierz"]
[Black "Davidson, Eric"]
[Result "1-0"]
[WhiteElo "684"]
[BlackElo "949"]
[PlyCount "43"]
[EventDate "2011.02.19"]
[EventType "tourn (corr)"]
[EventRounds "6"]
[EventCountry "GER"]
[SourceTitle "Telechess CBM 145"]
[Source "Chessbase"]
[SourceDate "2011.11.11"]
[SourceVersion "1"]
[SourceVersionDate "2011.11.11"]
[SourceQuality "1"]

1. d4 d5 2. Nf3 Bg4 3. e3 Nf6 4. Be2 Nbd7 5. 0-0 e6 6. Nbd2 Bd6 7. c3 c6 8. Ne1 Bxe2 9. Qxe2 Rc8 10. f4 b6 11. Ndf3 Ne4 12. Nd3 Ndf6 13. Nfe5 h5 14. Qf3 c5 15. Qh3 c4 16. Nf2 Ke7 17. Qh4 Qg8 18. Nh3 Rf8 19. Ng5 Ke8 20. Nc6 Ng4 21. Nxe4 Bc7 22. Qe7# 1-0

[Event "SN-2011-0-00318"]
[Site "LSS email"]
[Date "2011.03.05"]
[Round "?"]
[White "Davidson, Eric"]
[Black "Jokmin, Guido"]
[Result "1-0"]
[WhiteElo "949"]
[BlackElo "566"]
[PlyCount "47"]
[EventDate "2011.02.19"]
[EventType "tourn (corr)"]
[EventRounds "6"]
[EventCountry "GER"]
[SourceTitle "Telechess CBM 145"]
[Source "Chessbase"]
[SourceDate "2011.11.11"]
[SourceVersion "1"]
[SourceVersionDate "2011.11.11"]
[SourceQuality "1"]

1. e4 e5 2. Nf3 Nf6 3. Nc3 Be7 4. Nxe5 d6 5. Nf3 0-0 6. d4 d5 7. e5 Ne4 8. Nxe4 dxe4 9. Ng1 Nc6 10. Ne2 Bg4 11. h3 Be6 12. Be3 Na5 13. b3 Qb8 14. c4 c5 15. d5 Bf5 16. d6 Rd8 17. Bxc5 b6 18. Bb4 f6 19. Qd5+ Kh8 20. Qf7 Bf8 21. Ng3 Rd7 22. Qh5 Bg6 23. Qg4 Qc8 24. e6 1-0

[Event "SN-2011-0-00318"]
[Site "LSS email"]
[Date "2011.03.05"]
[Round "?"]
[White "Mori, Roberto"]
[Black "Davidson, Eric"]
[Result "0-1"]
[WhiteElo "601"]
[BlackElo "949"]
[PlyCount "72"]
[EventDate "2011.02.19"]
[EventType "tourn (corr)"]
[EventRounds "6"]
[EventCountry "GER"]
[SourceTitle "Telechess CBM 145"]
[Source "Chessbase"]
[SourceDate "2011.11.11"]
[SourceVersion "1"]
[SourceVersionDate "2011.11.11"]
[SourceQuality "1"]

1. e4 c5 2. Nf3 d6 3. d4 cxd4 4. Nxd4 Nf6 5. Nc3 a6 6. Bc4 e6 7. 0-0 Qc7 8. Bb3 Be7 9. h3 b5 10. a3 Nc6 11. Be3 Nxd4 12. Bxd4 Bb7 13. Qe2 Rc8 14. Rfd1 0-0 15. e5 Nd7 16. exd6 Bxd6 17. Ne4 Qc6 18. f3 Bb8 19. c3 Qc7 20. Kf1 Ne5 21. Nc5 Nc4 22. Nxb7 Qxb7 23. Bxc4 bxc4 24. Rab1 Qc7 25. Qf2 Qh2 26. Re1 Bg3 27. Qe3 Qh1+ 28. Qg1 Qxg1+ 29. Bxg1 Bxe1 30. Rxe1 Rfd8 31. Bb6 Rd2 32. Rb1 Rb8 33. Be3 Rdxb2 34. Re1 Rc2 35. Bd4 Rbb2 36. Rd1 f6 0-1

[Event "ZN-2011-0-01366"]
[Site "LSS email"]
[Date "2011.03.04"]
[Round "?"]
[White "Parker, Steph"]
[Black "Davidson, Eric"]
[Result "1-0"]
[WhiteElo "1267"]
[BlackElo "949"]
[PlyCount "73"]
[EventDate "2011.02.28"]
[EventType "match (corr)"]
[EventRounds "2"]
[EventCountry "GER"]
[SourceTitle "Telechess CBM 145"]
[Source "Chessbase"]
[SourceDate "2011.11.11"]
[SourceVersion "1"]
[SourceVersionDate "2011.11.11"]
[SourceQuality "1"]

1. g3 d5 2. Bg2 Nf6 3. Nf3 e6 4. 0-0 Bd6 5. d4 0-0 6. c4 c6 7. Nc3 Nbd7 8. e4 dxe4 9. Ng5 h6 10. Ngxe4 Be7 11. Re1 Nxe4 12. Nxe4 Nf6 13. Be3 Ng4 14. h3 Nxe3 15. Rxe3 Bf6 16. Nxf6+ Qxf6 17. Rf3 Qe7 18. Qc2 Bd7 19. Re1 Rae8 20. Ra3 a5 21. Rxa5 Qb4 22. Rae5 f6 23. a3 Qd6 24. Rh5 Qxd4 25. Rd1 Qb6 26. Rxd7 f5 27. c5 Qa6 28. Bf1 Qa8 29. Qb3 Qc8 30. Rxb7 Qd8 31. Bg2 Qf6 32. Bxc6 Rd8 33. Bd7 Kh7 34. Bxe6 Kh8 35. Rxf5 Qd4 36. Rd7 Rxf5 37. Rxd4 1-0

[Event "LSS RN-2010-0-00342"]
[Site "LSS email"]
[Date "2011.01.03"]
[Round "?"]
[White "Davidson, Eric"]
[Black "Losev, Vyacheslav"]
[Result "1-0"]
[WhiteElo "956"]
[BlackElo "628"]
[PlyCount "61"]
[EventDate "2010.12.13"]
[EventType "tourn (corr)"]
[EventRounds "6"]
[EventCountry "GER"]
[SourceTitle "Telechess CBM 145"]
[Source "Chessbase"]
[SourceDate "2011.11.11"]
[SourceVersion "1"]
[SourceVersionDate "2011.11.11"]
[SourceQuality "1"]

1. e4 e5 2. Nf3 Nc6 3. Bc4 Nf6 4. Ng5 d5 5. exd5 Nxd5 6. Nxf7 Kxf7 7. Qf3+ Ke6 8. Nc3 Nd4 9. Bxd5+ Kd6 10. Qd1 Bf5 11. d3 Qh4 12. Be3 c6 13. Bf3 Rd8 14. Ne4+ Bxe4 15. dxe4 Kc7 16. Bxd4 Rxd4 17. Qe2 Bc5 18. c3 Rd7 19. 0-0 h5 20. g3 Qg5 21. b4 Be7 22. Rad1 h4 23. Rxd7+ Kxd7 24. Bg4+ Kc7 25. Rd1 hxg3 26. Rd7+ Kb6 27. fxg3 Qc1+ 28. Kg2 Bf6 29. Qf2+ Kb5 30. Be2+ Ka4 31. Qxa7# 1-0

[Event "LSS RN-2010-0-00342"]
[Site "LSS email"]
[Date "2011.01.03"]
[Round "?"]
[White "Davidson, Eric"]
[Black "Neil, Charles"]
[Result "1-0"]
[WhiteElo "956"]
[BlackElo "458"]
[PlyCount "23"]
[EventDate "2010.12.13"]
[EventType "tourn (corr)"]
[EventRounds "6"]
[EventCountry "GER"]
[SourceTitle "Corr 2015"]
[Source "ChessBase"]
[SourceDate "2015.07.17"]
[SourceVersion "1"]
[SourceVersionDate "2015.07.17"]
[SourceQuality "1"]

1. e4 e6 2. d4 d5 3. Nd2 Nf6 4. e5 Nfd7 5. Bd3 c5 6. c3 Nc6 7. Ngf3 Qb6 8. 0-0 cxd4 9. cxd4 Nxd4 10. Nxd4 Qxd4 11. Nf3 Bc5 12. Nxd4 1-0

[Event "OP-2010-0-01362"]
[Site "LSS email"]
[Date "2011.01.03"]
[Round "?"]
[White "Miemelt, Bernd"]
[Black "Davidson, Eric"]
[Result "0-1"]
[WhiteElo "886"]
[BlackElo "956"]
[PlyCount "22"]
[EventDate "2010.12.31"]
[EventType "tourn (corr)"]
[EventRounds "4"]
[EventCountry "GER"]
[SourceTitle "Corr 2015"]
[Source "ChessBase"]
[SourceDate "2015.07.17"]
[SourceVersion "1"]
[SourceVersionDate "2015.07.17"]
[SourceQuality "1"]

1. Nf3 Nf6 2. b4 d6 3. c4 g6 4. Bb2 Bg7 5. d3 0-0 6. Qc2 e5 7. Nbd2 Nc6 8. a3 Bf5 9. g3 Qe7 10. Bg2 e4 11. dxe4 Nxe4 0-1

[Event "CP-2010-P-00026"]
[Site "LSS email"]
[Date "2010.09.28"]
[Round "?"]
[White "Davidson, Eric"]
[Black "Eilering, David L"]
[Result "0-1"]
[WhiteElo "923"]
[BlackElo "1224"]
[PlyCount "86"]
[EventDate "2010.10.01"]
[EventType "tourn (corr)"]
[EventRounds "6"]
[EventCountry "GER"]
[SourceTitle "Telechess CBM 143"]
[Source "ChessBase"]
[SourceDate "2011.07.15"]
[SourceVersion "1"]
[SourceVersionDate "2011.07.15"]
[SourceQuality "1"]

1. e4 e6 2. d4 d5 3. Nd2 dxe4 4. Nxe4 Nd7 5. Nf3 Ngf6 6. Bd3 Be7 7. 0-0 0-0 8. h3 b6 9. Be3 Bb7 10. Nxf6+ Nxf6 11. c3 c5 12. dxc5 bxc5 13. Qe2 Bxf3 14. gxf3 Nd5 15. Rad1 Qc7 16. Be4 Rad8 17. c4 Nf6 18. Bc2 Bd6 19. Kg2 Nh5 20. f4 Nxf4+ 21. Bxf4 Bxf4 22. Rxd8 Rxd8 23. Rd1 Rb8 24. b3 Be5 25. Qe4 g6 26. Bb1 Bd4 27. Bc2 Qe7 28. Qf4 Rd8 29. Bb1 e5 30. Re1 f5 31. Qg3 Qf6 32. h4 h6 33. h5 g5 34. Qf3 e4 35. Qe2 g4 36. a3 Qh4 37. Rh1 Qg5 38. Bxe4 fxe4 39. Qxe4 Rf8 40. Qe6+ Kh8 41. Qd6 Rxf2+ 42. Kg3 Rf3+ 43. Kg2 Qd2# 0-1

[Event "CP-2010-P-00026"]
[Site "LSS email"]
[Date "2010.09.28"]
[Round "?"]
[White "Muller, Henri Louis"]
[Black "Davidson, Eric"]
[Result "1-0"]
[WhiteElo "2089"]
[BlackElo "946"]
[PlyCount "45"]
[EventDate "2010.10.01"]
[EventType "tourn (corr)"]
[EventRounds "6"]
[EventCountry "GER"]
[SourceTitle "Telechess CBM 143"]
[Source "ChessBase"]
[SourceDate "2011.07.15"]
[SourceVersion "1"]
[SourceVersionDate "2011.07.15"]
[SourceQuality "1"]

1. e4 c5 2. Nf3 d6 3. d4 cxd4 4. Nxd4 Nf6 5. Nc3 a6 6. Bg5 e6 7. f4 Be7 8. Qf3 Qc7 9. 0-0-0 Nbd7 10. g4 b5 11. Bxf6 Nxf6 12. g5 Nd7 13. f5 Bxg5+ 14. Kb1 Ne5 15. Qh5 Qd8 16. h4 Bf6 17. fxe6 0-0 18. Bh3 g6 19. Qe2 Bg7 20. Nd5 Qxh4 21. exf7+ Rxf7 22. Bxc8 Qf2 23. Be6 1-0

[Event "CP-2010-P-00026"]
[Site "LSS email"]
[Date "2010.09.28"]
[Round "?"]
[White "Taranin, Konstantin"]
[Black "Davidson, Eric"]
[Result "1-0"]
[WhiteElo "1816"]
[BlackElo "943"]
[PlyCount "35"]
[EventDate "2010.10.01"]
[EventType "tourn (corr)"]
[EventRounds "6"]
[EventCountry "GER"]
[SourceTitle "Telechess CBM 143"]
[Source "ChessBase"]
[SourceDate "2011.07.15"]
[SourceVersion "1"]
[SourceVersionDate "2011.07.15"]
[SourceQuality "1"]

1. e4 c5 2. Nf3 d6 3. d4 cxd4 4. Nxd4 Nf6 5. Nc3 a6 6. Be3 Ng4 7. Bg5 h6 8. Bh4 g5 9. Bg3 Bg7 10. h3 Nf6 11. Qf3 Nbd7 12. 0-0-0 0-0 13. Nf5 Ne8 14. h4 g4 15. Qe3 Kh7 16. Bf4 e5 17. Bxh6 Ndf6 18. Bxg7 1-0

[Event "SN-2010-0-00264"]
[Site "LSS email"]
[Date "2010.08.03"]
[Round "?"]
[White "Davidson, Eric"]
[Black "Hughes, Chris"]
[Result "0-1"]
[WhiteElo "927"]
[BlackElo "701"]
[PlyCount "102"]
[EventDate "2010.07.13"]
[EventType "tourn (corr)"]
[EventRounds "6"]
[EventCountry "GER"]
[SourceTitle "Telechess CBM 143"]
[Source "ChessBase"]
[SourceDate "2011.07.15"]
[SourceVersion "1"]
[SourceVersionDate "2011.07.15"]
[SourceQuality "1"]

1. e4 e6 2. d4 d5 3. Nd2 c5 4. exd5 Qxd5 5. Ngf3 cxd4 6. Bc4 Qd6 7. 0-0 Nc6 8. Ne4 Qd8 9. Re1 Nf6 10. Bg5 Be7 11. Ng3 h6 12. Bf4 Nd5 13. Bxd5 Qxd5 14. Qd3 Bd7 15. a3 0-0 16. Rad1 Bf6 17. Nh5 Qxh5 18. c3 Qc5 19. cxd4 Qb6 20. Ne5 Nxe5 21. dxe5 Bb5 22. Qd6 Qxd6 23. Rxd6 Be7 24. Rd4 Rad8 25. Rd2 Rxd2 26. Bxd2 Rd8 27. Bc3 Bc4 28. h3 f6 29. f4 b5 30. g4 Rd3 31. Kg2 Bd5+ 32. Kh2 Rf3 33. exf6 Bxf6 34. Be5 Bxe5 35. Rxe5 Rxf4 36. Kg3 Re4 37. Rxe4 Bxe4 38. Kf4 Bd5 39. Ke5 Kf7 40. b4 Ke7 41. h4 Bf3 42. g5 hxg5 43. hxg5 Bh5 44. Ke4 Kd6 45. Kd4 e5+ 46. Ke4 Bg6+ 47. Kf3 Kd5 48. Ke3 e4 49. Ke2 Kd4 50. Kd2 e3+ 51. Ke2 Bd3+ 0-1

[Event "SN-2010-0-00264"]
[Site "LSS email"]
[Date "2010.08.03"]
[Round "?"]
[White "Davidson, Eric"]
[Black "Vontina, Maria"]
[Result "1-0"]
[WhiteElo "943"]
[BlackElo "639"]
[PlyCount "33"]
[EventDate "2010.07.13"]
[EventType "tourn (corr)"]
[EventRounds "6"]
[EventCountry "GER"]
[SourceTitle "Corr 2015"]
[Source "ChessBase"]
[SourceDate "2015.07.17"]
[SourceVersion "1"]
[SourceVersionDate "2015.07.17"]
[SourceQuality "1"]

1. e4 e6 2. c4 d5 3. exd5 exd5 4. d4 Nf6 5. Nc3 Be7 6. Nf3 0-0 7. Be2 c6 8. 0-0 Bg4 9. Ne5 Bxe2 10. Qxe2 dxc4 11. Qxc4 Nbd7 12. Be3 Nb6 13. Qb3 Nbd5 14. Qxb7 Nxe3 15. Nxc6 Qd7 16. Qxd7 Nxd7 17. Nxe7+ 1-0

[Event "SN-2010-0-00264"]
[Site "LSS email"]
[Date "2010.08.03"]
[Round "?"]
[White "Mori, Roberto"]
[Black "Davidson, Eric"]
[Result "0-1"]
[WhiteElo "649"]
[BlackElo "959"]
[PlyCount "50"]
[EventDate "2010.07.13"]
[EventType "tourn (corr)"]
[EventRounds "6"]
[EventCountry "GER"]
[SourceTitle "Telechess CBM 143"]
[Source "ChessBase"]
[SourceDate "2011.07.15"]
[SourceVersion "1"]
[SourceVersionDate "2011.07.15"]
[SourceQuality "1"]

1. e4 c5 2. Nf3 d6 3. Bc4 e6 4. h3 a6 5. 0-0 b5 6. Be2 Bb7 7. d3 Nd7 8. b3 Qc7 9. Bf4 f6 10. Nfd2 Ne7 11. Nc3 g5 12. Bh2 Bg7 13. Bh5+ Ng6 14. Bf3 0-0-0 15. Qc1 Nh4 16. Ne2 f5 17. Nc3 Bxc3 18. Rb1 Bxd2 19. Qxd2 Nxf3+ 20. gxf3 f4 21. h4 Ne5 22. Qe2 Qf7 23. hxg5 h6 24. gxh6 Qg6+ 25. Bg3 Qxh6 0-1

[Event "LSS BI-2010-P-00022"]
[Site "LSS email"]
[Date "2010.04.19"]
[Round "?"]
[White "Aalderink, Gerwin"]
[Black "Davidson, Eric"]
[Result "1-0"]
[WhiteElo "2049"]
[BlackElo "956"]
[PlyCount "41"]
[EventDate "2010.04.22"]
[EventType "tourn (corr)"]
[EventRounds "10"]
[EventCountry "GER"]
[SourceTitle "Telechess CBM 145"]
[Source "Chessbase"]
[SourceDate "2011.11.11"]
[SourceVersion "1"]
[SourceVersionDate "2011.11.11"]
[SourceQuality "1"]

1. Nf3 Nf6 2. d4 e6 3. c4 Be7 4. Nc3 d5 5. Bg5 0-0 6. e3 h6 7. Bh4 Ne4 8. Bxe7 Qxe7 9. Rc1 Nf6 10. Be2 a6 11. 0-0 c6 12. Qa4 Bd7 13. c5 Be8 14. Qa5 Nbd7 15. Qc7 Kh8 16. Qxb7 Rb8 17. Qc7 Rxb2 18. Ne5 Ne4 19. Nxe4 Rxe2 20. Nd6 f6 21. Nxc6 1-0

[Event "LSS BI-2010-P-00022"]
[Site "LSS email"]
[Date "2010.04.19"]
[Round "?"]
[White "Davidson, Eric"]
[Black "Jones, Ian Robert"]
[Result "1-0"]
[WhiteElo "985"]
[BlackElo "1561"]
[PlyCount "78"]
[EventDate "2010.04.22"]
[EventType "tourn (corr)"]
[EventRounds "10"]
[EventCountry "GER"]
[SourceTitle "Telechess CBM 141"]
[Source "ChessBase"]
[SourceDate "2011.03.17"]
[SourceVersion "1"]
[SourceVersionDate "2011.03.17"]
[SourceQuality "1"]

1. e4 e5 2. Nf3 d6 3. d4 exd4 4. Nxd4 Nf6 5. Nc3 Be7 6. Be2 0-0 7. 0-0 Re8 8. Bg5 Nxe4 9. Bxe7 Rxe7 10. Nxe4 Rxe4 11. Bf3 Re8 12. Qd3 Nd7 13. Rad1 Ne5 14. Qc3 Nxf3+ 15. Qxf3 Qh4 16. Nf5 Qf6 17. Ng3 Qxf3 18. gxf3 Be6 19. b3 d5 20. f4 Bh3 21. Rfe1 c6 22. Nf1 Bxf1 23. Kxf1 Kf8 24. c4 Rxe1+ 25. Rxe1 Rd8 26. Rd1 Ke7 27. cxd5 Rxd5 28. Rxd5 cxd5 29. Ke2 Ke6 30. Kd3 Kf5 31. Ke3 h5 32. a4 h4 33. b4 d4+ 34. Kxd4 Kxf4 35. a5 Kf3 36. Kd5 Kg2 37. b5 Kxh2 38. a6 bxa6 39. bxa6 Kg1 1-0

[Event "LSS SF-2009-0-00044"]
[Site "LSS email"]
[Date "2010.01.31"]
[Round "?"]
[White "Davidson, Eric"]
[Black "De Booy, Marco"]
[Result "0-1"]
[WhiteElo "932"]
[BlackElo "1035"]
[PlyCount "110"]
[EventDate "2009.12.06"]
[EventType "tourn (corr)"]
[EventRounds "6"]
[EventCountry "GER"]
[SourceTitle "Corr 2013"]
[Source "ChessBase"]
[SourceDate "2012.11.12"]
[SourceVersion "1"]
[SourceVersionDate "2012.11.12"]
[SourceQuality "1"]
[WhiteTeam "US of America"]
[BlackTeam "US of America"]
[WhiteTeamCountry "USA"]
[BlackTeamCountry "USA"]

1. e4 e5 2. Nf3 Nf6 3. Nxe5 d6 4. Nf3 Nxe4 5. Qe2 Qe7 6. d3 Nf6 7. Nc3 Bg4 8. Bg5 Nbd7 9. 0-0-0 0-0-0 10. h3 Bh5 11. g4 Bg6 12. Re1 Qxe2 13. Rxe2 h6 14. Bh4 Bh7 15. Bg2 g5 16. Bg3 Bg7 17. Rhe1 Rhe8 18. Rxe8 Rxe8 19. Rxe8+ Nxe8 20. Kd2 f5 21. gxf5 Bxf5 22. Nd5 Kd8 23. Ne3 Bh7 24. c3 Nc5 25. Bf1 Nf6 26. b4 Ne6 27. Bg2 b6 28. a4 Kd7 29. Nc4 Nd5 30. d4 Nef4 31. Bf1 Be4 32. Ne1 c5 33. bxc5 dxc5 34. Ne5+ Bxe5 35. dxe5 Ke6 36. Bc4 Nxh3 37. f3 Bg6 38. Nd3 Bf7 39. a5 Ke7 40. Nf2 Nxf2 41. Bxf2 Nf4 42. axb6 axb6 43. Bb5 Bd5 44. Ke3 Ke6 45. c4 Bb7 46. Bg3 Kxe5 47. Be8 Ba6 48. Bf7 Kf5 49. Bh2 h5 50. Bxh5 Nxh5 51. Bc7 b5 52. cxb5 Bxb5 53. Bb6 c4 54. Ba5 Nf4 55. Be1 Ng2+ 0-1